| 000 | 00764nam a22002297a 4500 | ||
|---|---|---|---|
| 001 | 36300 | ||
| 003 | UA-OsUOA | ||
| 005 | 20220512104623.0 | ||
| 007 | ta | ||
| 008 | 20060121b un ||||| |||| 00| 0 ukr d | ||
| 020 | _a966-608-278-0 | ||
| 040 |
_aUA-OsUOA _bukr _cUA-OsUOA _dUA-OsUOA |
||
| 041 | _aukr | ||
| 080 | _a821(100) | ||
| 090 |
_a821(100) _bЗ-35 |
||
| 245 |
_aЗарубіжна література (XIX століття): контрольні тести і творчі завдання для тематичних атестацій _cуклад. Н. І. Дорофеєва |
||
| 260 |
_aК. _bМАУП _c2003 |
||
| 300 | _a128 с. | ||
| 650 | 7 |
_a82 Література. Літературознавство _2UDC |
|
| 942 |
_cBK _2udc |
||
| 955 | _a2 | ||
| 999 |
_c322538 _d322538 |
||